000 00476nam a2200181Ia 4500
005 20250508154824.0
008 008 250505s9999 xx 000 0 eng d
037 _aBooks to be hide in OPAC
040 _aFEDL
_beng
_cFEDL
041 _aeng
_2eng
084 _a015.54, IND/O
_qFEDL
100 _aKesavan B S
245 0 _aIndian national bibliography
260 _c1965
300 _axvi,393p.
942 _cHB
_h015.54, IND/O
999 _c1352318
_d1352318